| 000 | 00418nam a2200157Ia 4500 | ||
|---|---|---|---|
| 005 | 20250405103417.0 | ||
| 008 | 231217s9999 xx 000 0 und d | ||
| 020 | _a9788131404997 | ||
| 082 | _a657 SUB;1 R | ||
| 100 | _aSubramanian, R ed. | ||
| 245 | 0 | _aNew world of accounting : concept and cases | |
| 260 |
_c2006 _bICFAI Press _aHyderabad |
||
| 300 | _aix, 212 | ||
| 650 | _aaccounting:,concept | ||
| 942 | _cAA | ||
| 999 |
_c191611 _d191611 |
||